Responses for Show #1927 - Tuesday, January 12, 1993

Contestants

[<< previous game]

Paul McBride, a military attorney originally from Ionia, Michigan

Kimberly Kallsen King, a legal clerk originally from Cottonwood, Arizona

Nancy Butts, a reporter from Barnesville, Georgia (whose 1-day cash winnings total $9,801)

[next game >>]

Jeopardy! Round responses

THE BIBLE
NUMBERS
JUDGES
(Alex: Do you see a pattern?)
KINGS
PROVERBS
ACTS
    $100 1
Genesis

Paul
    $100 11
30

Paul
    $100 16
(Judge) Wapner

Paul
    $100 2
Greece

Paul
    $100 23
(Kim: What are you ears?)

your eyes

NancyKim
    $100 21
the Stamp Act

Kim
    $200 7
your neighbor

Nancy
    $200 12
(Alex: For the Pentagon.)

5

Nancy
    $200 17
baseball

Paul
    $200 3
Louis XIV

Kim
    $200 24
a thorn

Kim
    $200 22
the Homestead Act

Kim
    $300 8
Lazarus

Kim
    $300 13
1001

Paul
    $300 18
Roy Bean

Paul
    $300 4
Juan Carlos

Kim
    $300 25
a fair maid (fair lady, fair maiden)

Paul
    $300 26
the Volstead Act

Paul
    $400 9
John

Nancy
    $400 14
16

Kim
    $400 19
Judge Crater

Triple Stumper
    $400 5
Scotland

Kim
    $400 29
gold dust

Triple Stumper
    $400 27
the Sherman Antitrust Act

Paul
    $500 10
Saul

Nancy
    $500 15
4

Kim
    $700 20
(John) Sirica

Paul
    $500 6
(Paul: Who is Faisal?)

King Fahd

NancyPaul
    $500 30
a drop

Kim
    $500 28
the Endangered Species Act

Nancy

Scores at the first commercial break (after clue 15):

Nancy Kim Paul
$1,800 $2,100 $100

Scores at the end of the Jeopardy! Round:

Nancy Kim Paul
$2,400 $3,000 $2,400

Double Jeopardy! Round responses

LITERARY CHARACTERS
BOXING MOVIES
THE AMERICAN REVOLUTION
BUSINESS LEADERS
ANNUAL EVENTS
FOREIGN "LAND"s
    $200 1
[Nancy selected the first clue.]

Huckleberry Finn

Kim
    $200 16
Raging Bull

Kim
    $200 21
Thomas Paine

Kim
    $200 25
(Howard) Hughes

Kim
    $200 11
Mississippi

Nancy
    $200 6
Ireland

Kim
    $400 2
Ichabod Crane

Kim
    $400 17
Mr. T

Kim
    $400 22
John Paul Jones

Paul
    $400 27
Hershey

Paul
    $400 12
elephants

Nancy
    $400 7
(Kim: What is Finland?)
(Paul: What's Norway?)
...
(Alex: Remember that "land" must figure in each correct response.)

Iceland

NancyKimPaul
    $600 3
Jean Valjean

Kim
    $600 18
Rocky Graziano

Paul
    $600 23
a musket

Paul
    $600 28
(Sir Thomas) Lipton

Paul
    $600 13
Indianapolis

Kim
    $600 8
New Zealand

Kim
    $800 4
Nero Wolfe

Nancy
    $800 19
Requiem for a Heavyweight

Triple Stumper
    $800 24
the militia

Nancy
    $800 29
David Rockefeller

Triple Stumper
    $800 14
Dartmouth

Nancy
    $800 9
Poland

Nancy
    $1000 5
(George) Babbitt

Nancy
    $1000 20
The Champ

Paul
    $1000 26
(Paul: Who was Howe?)

Cornwallis

Paul
Triple Stumper
    $3,000 30
Katherine Graham

Paul
    $1,000 15
(Nancy: What is Missouri?)
(Alex: No, sorry. The Preakness, a famous race, is run in [*].)

Maryland

Nancy
    $1000 10
Finland

Nancy

Scores at the end of the Double Jeopardy! Round:

Nancy Kim Paul
$7,600 $6,200 $7,600

[wagering suggestions for these scores]

Final Jeopardy! Round responses

NAMES IN THE NEWS
(Alex: William Jefferson Blythe IV's father died before he was born. He took his stepfather's name when he was about 15. You know him a lot better as [*].)
KimWho is Billy ___
$4,000
PaulWho was Colin Powell?
$7,600
NancyWho is Bill Moyers
$7,600
Bill Clinton

Final scores:

Nancy Kim Paul
$0 $2,200 $0
2nd place: Berkline sofa + Bob Mitchell Designs wall coverings New champion: $2,200 3rd place: Panasonic stereo system

Game dynamics:

Coryat scores:

Nancy Kim Paul
$8,600 $6,200 $5,400
16 R,
1 W
(including 1 DD)
20 R,
2 W
18 R
(including 2 DDs),
3 W

Combined Coryat: $20,200

[game clues] [game scores] [suggest correction]

Game tape date: 1992-09-22
The J! Archive is created by fans, for fans. Scraping, republication, monetization, and malicious use prohibited; this site may use cookies and collect identifying information. See terms. The Jeopardy! game show and all elements thereof, including but not limited to copyright and trademark thereto, are the property of Jeopardy Productions, Inc. and are protected under law. This website is not affiliated with, sponsored by, or operated by Jeopardy Productions, Inc. Join the discussion at JBoard.tv.